000 00673nam a2200193 a 4500
001 000045604
005 20201002052336.0
008 150416s1974 dr a 000 0 spa d
040 _aDO-SdBNP
_bspa
_cBNPHU
082 _axxxx
_bxxxx
100 1 _aGarcía Bidó, Rafael,
_d1953-
_953387
245 1 0 _aPoemas agónicos :
_b1972-1973 /
_cRafael García Bidó.
260 _aSanto Domingo :
_bTaller,
_c1974.
300 _a53 p. ;
_c21 cm.
490 1 _aBiblioteca Taller
_v40
500 _aIncluye datos biográficos del autor en la solapa de la contracubierta.
500 _aPerteneció a la biblioteca personal de Erick Landestoy.
830 0 _aBiblioteca Taller ;
_n40
_973671
999 _c45093
_d45093